Tiếp xúc bí mật Việt Nam - Hoa Kỳ trước hội nghị Paris

Đã lưu trong:
书目详细资料
主要作者: Lưu Văn Lợi
格式: 图书
语言:Undetermined
出版: Hà Nội CAND 2000
主题:
标签: 添加标签
没有标签, 成为第一个标记此记录!
Thư viện lưu trữ: Trung tâm Học liệu Trường Đại học Cần Thơ
LEADER 00541nam a2200169Ia 4500
001 CTU_39508
008 210402s9999 xx 000 0 und d
082 |a 959.7 
082 |b L462 
100 |a Lưu Văn Lợi 
245 0 |a Tiếp xúc bí mật Việt Nam - Hoa Kỳ trước hội nghị Paris 
245 0 |c Lưu Văn Lợi, Nguyễn Anh Vũ 
260 |a Hà Nội 
260 |b CAND 
260 |c 2000 
650 |a vietnam - history - 20th century 
980 |a Trung tâm Học liệu Trường Đại học Cần Thơ